उगवाई (Record no. 99537)

MARC details
000 -LEADER
fixed length control field 00345nam a2200145Ia 4500
008 - FIXED-LENGTH DATA ELEMENTS--GENERAL INFORMATION
fixed length control field 090124s9999 xx 000 0 und d
082 ## - DEWEY DECIMAL CLASSIFICATION NUMBER
Item number 33643
245 ## - TITLE STATEMENT
Title उगवाई
250 ## - EDITION STATEMENT
Edition statement 1
260 ## - PUBLICATION, DISTRIBUTION, ETC. (IMPRINT)
Name of publisher, distributor, etc सौरभ प्रकाशन
Date of publication, distribution, etc 1990
300 ## - PHYSICAL DESCRIPTION
Extent 162
630 ## - SUBJECT ADDED ENTRY--UNIFORM TITLE
Uniform title उगवाई
730 ## - ADDED ENTRY--UNIFORM TITLE
Uniform title उगवाई
942 ## - ADDED ENTRY ELEMENTS (KOHA)
Koha item type Book
Holdings
Withdrawn status Lost status Damaged status Not for loan Home library Current library Date acquired Cost, normal purchase price Total Checkouts Full call number Barcode Date last seen Cost, replacement price Price effective from Koha item type
        Nagar Wachan Mandir, Thane Nagar Wachan Mandir, Thane   0.00   33643 THNNWM-33643 01/24/2009 0.00 01/24/2009 Book